00948nam a2200265Ia 4500003000400000005001700004008004100021020001800062040001800080041000800098082001800106100002600124245008000150250001300230260004200243300002600285650004000311650004400351650002200395650002200417700002600439942002500465999001900490952017300509OSt20220607115627.0210716s2011 xx 000 0 und d a9789350042502 cAIMIT LIBRARY aeng a658 21bNERK aNerkar, Kiran.940862 aPrinciples and practices of management /cBy Kiran Nerkar and Vilas Chopde. a1 st ed. aNew Delhi :bDreamtech Press ,c2011. axx, 507p. ;c26.5 cm. aDecision making and planning940863 aDirecting function of management940864 aMotivation940865 aLeadership940866 aChopde, Vilas.940867 2ddccBKe1k658 NERK c207489d207489 00102ddc40708MBAaAIMITbAIMITd2012-10-01g399.00iBill no:1348; Bill dt:2012-09-19l1o658 NERKpMBA10055r2026-05-23 00:00:00s2023-05-15v299.25w2021-07-16yBK